000
00210 a2200097 4500
001
47110
100
_a
Poolman K
245
_a
The Giant Killers
260
_a
London
_b
William Kimber
_c
090
_c
30169
_d
30169
942
_a
NUST-CAE
_c
M
_c
22413
999
_c
282183
_d
282183